000
00267nam a22001097a 4500
999
_c
2901
_d
2901
008
190405e1982 ag ||||| |||| 00| 0 spa d
100
_a
Carpenter, Malcom
245
_a
Neuroanatomia humana
250
_a
1a ed.
260
_a
Buenos Aires
_b
El Ateneo
_c
1982
500
_3
Baja